[Event "English Online Blitz Gp1"]
[Site "chess.com INT"]
[Date "2020.05.09"]
[Round "9"]
[White "Wadsworth, Matthew J"]
[Black "Golding, James"]
[Result "1-0"]
[WhiteTitle "IM"]
[WhiteElo "2416"]
[BlackElo "2067"]
[WhiteFideId "415804"]
[BlackFideId "427250"]
[EventDate "2020.05.09"]
[EventType "blitz"]

1. c4 e6 2. g3 d5 3. Bg2 c5 4. Nf3 Nc6 5. O-O Nf6 6. b3 Be7 7. e3 O-O 8. Bb2 b6
9. Nc3 dxc4 10. bxc4 Bb7 11. Qe2 Rc8 12. Rfd1 Qc7 13. Rab1 a6 14. Ba1 Na7 15. d3
b5 16. cxb5 axb5 17. Nxb5 Nxb5 18. Rxb5 Bc6 19. Rbb1 Ra8 20. Ne5 Bxg2 21. Kxg2
Ra4 22. Qf3 Rxa2 23. Rb7 Qa5 24. Nc6 Qa8 25. Nxe7+ Kh8 26. Bxf6 1-0

[Event "English Online Blitz Gp1"]
[Site "chess.com INT"]
[Date "2020.05.09"]
[Round "9"]
[White "Stojanas, Justinas"]
[Black "Williams, Simon K"]
[Result "0-1"]
[BlackTitle "GM"]
[WhiteElo "2106"]
[BlackElo "2464"]
[WhiteFideId "12802328"]
[BlackFideId "404454"]
[EventDate "2020.05.09"]
[EventType "blitz"]

1. e4 c5 2. Nf3 d6 3. d4 cxd4 4. Nxd4 Nf6 5. Nc3 g6 6. Be3 a6 7. f3 b5 8. Qd2
Bb7 9. O-O-O Nbd7 10. g4 Nb6 11. Kb1 Bg7 12. g5 Nfd7 13. h4 Ne5 14. h5 Nec4 15.
Bxc4 Nxc4 16. Qf2 Rg8 17. hxg6 hxg6 18. Rh7 Qc7 19. Nd5 Bxd5 20. exd5 Qc5 21.
Rxg7 Rxg7 22. Ne6 Qxe3 23. Nxg7+ Kd7 24. Qh2 Qe5 25. Qh7 Qxb2# 0-1

[Event "English Online Blitz Gp1"]
[Site "chess.com INT"]
[Date "2020.05.09"]
[Round "9"]
[White "Haydon, David L"]
[Black "Horton, Andrew P"]
[Result "1/2-1/2"]
[WhiteTitle "FM"]
[BlackTitle "IM"]
[WhiteElo "2294"]
[BlackElo "2375"]
[WhiteFideId "415405"]
[BlackFideId "424269"]
[EventDate "2020.05.09"]
[EventType "blitz"]

1. Nf3 Nf6 2. g3 b5 3. Bg2 Bb7 4. O-O e6 5. d3 Be7 6. e4 d6 7. Re1 O-O 8. a4 a6
9. Nbd2 c5 10. axb5 axb5 11. Rxa8 Bxa8 12. e5 dxe5 13. Nxe5 Bxg2 14. Kxg2 Qc7
15. Ndf3 Nc6 16. Qe2 Ra8 17. Bg5 h6 18. Bxf6 Bxf6 19. Qe4 Ra6 20. c3 Nxe5 21.
Nxe5 Ra2 22. Re2 Bxe5 23. Qxe5 Qxe5 24. Rxe5 Rxb2 25. Rxc5 g5 26. d4 Kg7 27. d5
exd5 28. Rxd5 b4 29. cxb4 Rxb4 30. h3 Rb6 1/2-1/2

[Event "English Online Blitz Gp1"]
[Site "chess.com INT"]
[Date "2020.05.09"]
[Round "9"]
[White "Zabrocki, Philip"]
[Black "Bedi, Adam"]
[Result "1-0"]
[WhiteElo "1948"]
[BlackElo "1803"]
[WhiteFideId "426873"]
[BlackFideId "432997"]
[EventDate "2020.05.09"]
[EventType "blitz"]

1. e4 c6 2. d4 d5 3. e5 Bf5 4. h4 h5 5. Bg5 f6 6. Bf4 e6 7. Bd3 Bxd3 8. Qxd3 Ne7
9. exf6 gxf6 10. Nf3 Qb6 11. Nc3 Nd7 12. O-O-O O-O-O 13. Rde1 e5 14. dxe5 fxe5
15. Nxe5 Nxe5 16. Bxe5 Rg8 17. Qh3+ Rd7 18. Bf6 Ng6 19. Qe6 Qxf2 20. Qxg8 Qxf6
21. Rhf1 Qg7 22. Re8+ Kc7 23. Rexf8 Nxf8 24. Qxf8 Qxg2 25. Qf4+ Kb6 26. Qf2+
Qxf2 27. Rxf2 Rg7 28. Rf5 Rg1+ 29. Kd2 Rg2+ 30. Kd3 Rg3+ 31. Ke2 Rg2+ 32. Kf3
Rxc2 33. Rxh5 Rxb2 34. Na4+ Kb5 35. Nxb2 1-0

[Event "English Online Blitz Gp1"]
[Site "chess.com INT"]
[Date "2020.05.09"]
[Round "9"]
[White "Arkell, Keith C"]
[Black "Lewis, Christopher D"]
[Result "1-0"]
[WhiteTitle "GM"]
[WhiteElo "2429"]
[BlackElo "1834"]
[WhiteFideId "400270"]
[BlackFideId "435767"]
[EventDate "2020.05.09"]
[EventType "blitz"]

1. d4 d5 2. c4 c6 3. Nf3 Nf6 4. Qc2 e6 5. Bg5 Be7 6. e3 Ne4 7. Bxe7 Qxe7 8. Nbd2
f5 9. Bd3 Nd7 10. O-O Ndf6 11. Ne5 O-O 12. Ndf3 Kh8 13. Rab1 g5 14. b4 g4 15.
Nd2 Nd7 16. f4 Nxe5 17. dxe5 Bd7 18. Bxe4 dxe4 19. c5 Rfd8 20. Nc4 h5 21. Nd6 h4
22. a4 Be8 23. Rfd1 Bh5 24. Rd4 g3 25. h3 Bf3 26. b5 Qh7 27. bxc6 bxc6 28. Rdb4
Qh5 29. Rb7 Be2 30. Re1 Bd3 31. Qd1 Qxd1 32. Rxd1 Kg8 33. Rd2 Bb1 34. Rxb1 1-0

[Event "English Online Blitz Gp1"]
[Site "chess.com INT"]
[Date "2020.05.09"]
[Round "9"]
[White "Adair, James R"]
[Black "Claridge-Hansen, William"]
[Result "1-0"]
[WhiteTitle "IM"]
[BlackTitle "FM"]
[WhiteElo "2450"]
[BlackElo "2290"]
[WhiteFideId "406252"]
[BlackFideId "422509"]
[EventDate "2020.05.09"]
[EventType "blitz"]

1. d4 Nf6 2. c4 c5 3. d5 b5 4. cxb5 a6 5. bxa6 g6 6. Nc3 Bg7 7. e4 O-O 8. a7
Rxa7 9. Nf3 Bb7 10. Be2 e6 11. O-O exd5 12. exd5 d6 13. Bf4 Nh5 14. Bg5 Qb6 15.
Nb5 Ra5 16. a4 Re8 17. Nd2 Bxd5 18. Bxh5 gxh5 19. Qxh5 Qc6 20. Bh6 Re6 21. Bxg7
Kxg7 22. Rae1 Rg6 23. f3 Rxa4 24. Nc3 Rd4 25. Nde4 Bc4 26. Ng3 Rd2 27. Nf5+ Kh8
28. Rf2 Rxf2 29. Kxf2 Be6 30. Ne7 Qd7 31. Nxg6+ fxg6 32. Qg5 Kg7 33. Ne4 Qf7 34.
Nxd6 Qd7 35. Qe5+ 1-0

[Event "English Online Blitz Gp1"]
[Site "chess.com INT"]
[Date "2020.05.09"]
[Round "9"]
[White "Greet, Andrew N"]
[Black "Ghasi, Ameet K"]
[Result "0-1"]
[WhiteTitle "IM"]
[BlackTitle "IM"]
[WhiteElo "2417"]
[BlackElo "2485"]
[WhiteFideId "405817"]
[BlackFideId "409200"]
[EventDate "2020.05.09"]
[EventType "blitz"]

1. f4 g6 2. Nf3 Bg7 3. e3 d5 4. Be2 Bg4 5. d4 c5 6. c3 Nc6 7. O-O Nf6 8. Nbd2
Bf5 9. Ne5 O-O 10. g4 Be6 11. Bf3 Rc8 12. Nb3 b6 13. Bd2 Ne4 14. Be1 Nxe5 15.
dxe5 f6 16. exf6 exf6 17. c4 f5 18. cxd5 Qxd5 19. Qxd5 Bxd5 20. gxf5 gxf5 21.
Nd2 Bxb2 22. Rb1 Bf6 23. Nxe4 fxe4 24. Bg4 Rcd8 25. a4 Kf7 26. Bg3 Rg8 27. Bh5+
Ke7 28. a5 Rd6 29. Rfd1 Bc3 30. axb6 axb6 31. Kf2 Ra8 32. f5 Rad8 33. Bxd6+ Rxd6
34. Bg4 Kf6 35. Rxd5 Rxd5 36. Rxb6+ Kg5 37. Kg3 Be5+ 38. Kh3 Rd2 0-1

[Event "English Online Blitz Gp1"]
[Site "chess.com INT"]
[Date "2020.05.09"]
[Round "9"]
[White "Stepanyan, Henrik"]
[Black "Hebden, Mark L"]
[Result "1-0"]
[BlackTitle "GM"]
[WhiteElo "2196"]
[BlackElo "2453"]
[WhiteFideId "401030"]
[BlackFideId "400084"]
[EventDate "2020.05.09"]
[EventType "blitz"]

1. d4 Nf6 2. c4 g6 3. Nc3 Bg7 4. e4 d6 5. Nf3 O-O 6. h3 e5 7. dxe5 dxe5 8. Qxd8
Rxd8 9. Bg5 c6 10. Nxe5 Re8 11. O-O-O Na6 12. Nd3 Nxe4 13. Nxe4 Rxe4 14. b3 Re8
15. g4 Nc7 16. Bg2 a5 17. Rhe1 Ne6 18. Be3 a4 19. b4 a3 20. Nc5 Nxc5 21. Bxc5
Be6 22. Bf1 Ra4 23. Kc2 Bf8 24. Kb3 Rea8 25. Bxf8 Kxf8 26. f4 c5 27. b5 Rb4+ 28.
Kc3 Rb2 29. Rd2 Rxd2 30. Kxd2 Ra4 31. Kc3 Rb4 32. Rd1 Rb2 33. Rd2 Rxd2 34. Kxd2
Ke7 35. Kc3 Kd6 36. Kb3 f6 37. Bd3 b6 38. Kxa3 g5 39. fxg5 fxg5 40. Kb3 Ke5 41.
Bxh7 Kd4 42. a4 Bxc4+ 43. Kb2 Bf1 44. Bf5 Kc4 45. Ka3 Bxh3 46. Bd7 Bg2 47. Bc6
Bf1 48. a5 Kd3 49. axb6 c4 50. b7 c3 51. b8=Q c2 52. Qd6+ Kc3 53. Qb4+ Kd3 54.
Be4+ 1-0

[Event "English Online Blitz Gp1"]
[Site "chess.com INT"]
[Date "2020.05.09"]
[Round "9"]
[White "Paul, Nathanael"]
[Black "Hunt, Adam C"]
[Result "1-0"]
[BlackTitle "IM"]
[WhiteElo "1993"]
[BlackElo "2398"]
[WhiteFideId "424510"]
[BlackFideId "403970"]
[EventDate "2020.05.09"]
[EventType "blitz"]

1. d4 Nf6 2. Bf4 g6 3. Nc3 d5 4. e3 Bg7 5. h4 O-O 6. h5 c5 7. hxg6 fxg6 8. dxc5
Qa5 9. Qd2 Nc6 10. Nf3 Bg4 11. Ne5 Nxe5 12. Bxe5 Rfd8 13. Bd4 Qc7 14. Be2 e5 15.
Nb5 Qe7 16. Bxg4 Nxg4 17. Bc3 d4 18. Bb4 dxe3 19. Qe2 exf2+ 20. Kf1 Qg5 21. Rh3
Bh6 22. Rg3 Ne3+ 23. Rxe3 Qxe3 24. Qc4+ Kg7 25. Nd6 Rf8 26. Qe6 Qf4 27. Bc3 Rf5
28. Qe7+ Kh8 29. Nxf5 Qc4+ 30. Kxf2 Qf4+ 31. Kg1 1-0

[Event "English Online Blitz Gp1"]
[Site "chess.com INT"]
[Date "2020.05.09"]
[Round "9"]
[White "Walton, Alan J"]
[Black "Reimanis, Ritvars"]
[Result "0-1"]
[WhiteTitle "CM"]
[BlackTitle "FM"]
[WhiteElo "2120"]
[BlackElo "2421"]
[WhiteFideId "409898"]
[BlackFideId "11602988"]
[EventDate "2020.05.09"]
[EventType "blitz"]

1. d4 Nf6 2. Bg5 e6 3. e4 h6 4. Bxf6 Qxf6 5. Nc3 d6 6. Bc4 Qg6 7. Qf3 Be7 8.
Nge2 e5 9. Nd5 Bd8 10. dxe5 dxe5 11. O-O-O O-O 12. h3 b5 13. Bd3 c6 14. Ne3 Nd7
15. Nf5 Nc5 16. Neg3 Qg5+ 17. Kb1 Qf4 18. Qe2 g6 19. Ne3 Be6 20. Ngf1 Nxe4 21.
Bxe4 Qxe4 22. Nd2 Qa4 23. b3 Qa3 24. Qf3 Ba5 25. Ne4 f5 26. Qg3 Kh7 27. Rd6 Rae8
28. Qh4 fxe4 29. Nd1 Qxd6 30. Qxe4 Bf5 31. Qe2 Qd2 32. Qxd2 Bxd2 33. Nb2 Bc3 34.
Nd1 Bd4 35. f3 e4 36. g4 Bc8 0-1

[Event "English Online Blitz Gp1"]
[Site "chess.com INT"]
[Date "2020.05.09"]
[Round "9"]
[White "Dunn, Maxim"]
[Black "Sygnowski, Tomasz"]
[Result "1-0"]
[WhiteElo "1729"]
[BlackElo "2143"]
[WhiteFideId "456551"]
[BlackFideId "1115880"]
[EventDate "2020.05.09"]
[EventType "blitz"]

1. c4 e6 2. g3 d5 3. Bg2 Nf6 4. Nf3 Be7 5. O-O O-O 6. b3 c5 7. cxd5 exd5 8. d4
Nc6 9. Bb2 a5 10. Nc3 Be6 11. e3 h6 12. dxc5 Bxc5 13. Nb5 a4 14. Nbd4 Bg4 15. h3
Bh5 16. Qc2 a3 17. Nxc6 bxc6 18. Bxf6 Qxf6 19. g4 Bd6 20. gxh5 c5 21. Rad1 Rad8
22. Rxd5 Bc7 23. Rxc5 Bb8 24. Qf5 Qd6 25. Rfc1 Rfe8 26. Rc6 Qe7 27. Rc8 Ba7 28.
Rxd8 Qxd8 29. Nd4 Bxd4 30. exd4 Qxd4 31. Rc8 Qd1+ 32. Bf1 Rxc8 33. Qxc8+ Kh7 34.
Qf5+ Kg8 35. Qd3 Qxh5 36. Qg3 g6 37. Bd3 Qd1+ 38. Kh2 Qd2 39. Bc4 Kg7 40. Qe5+
Kh7 41. Qf6 Qd7 42. Qxf7+ Qxf7 43. Bxf7 Kg7 44. Bc4 Kf6 45. Kg3 g5 46. f4 1-0

[Event "English Online Blitz Gp1"]
[Site "chess.com INT"]
[Date "2020.05.09"]
[Round "9"]
[White "Kalavannan, Koby"]
[Black "Rendle, Thomas E"]
[Result "1-0"]
[WhiteTitle "FM"]
[BlackTitle "IM"]
[WhiteElo "2324"]
[BlackElo "2365"]
[WhiteFideId "425753"]
[BlackFideId "408760"]
[EventDate "2020.05.09"]
[EventType "blitz"]

1. d4 f5 2. g3 Nf6 3. Bg2 g6 4. Nh3 Bg7 5. Nf4 Nc6 6. h4 e5 7. dxe5 Nxe5 8. h5
c6 9. hxg6 hxg6 10. Rxh8+ Bxh8 11. Qd6 Qe7 12. Qxe7+ Kxe7 13. Nc3 d5 14. Be3 Kf7
15. O-O-O Be6 16. Bd4 Ne4 17. Nxe4 dxe4 18. Rh1 Nd3+ 19. exd3 Bxd4 20. Rh7+ Kf6
21. dxe4 Bxf2 22. e5+ Kxe5 23. Nd3+ Kf6 24. Nxf2 Bf7 25. Nd3 a5 26. Ne5 Bxa2 27.
Nd7+ Kg5 28. b3 Re8 29. Kb2 Bxb3 30. Kxb3 Re3+ 31. Kb2 Rxg3 32. Bf1 b5 33. Ne5
a4 34. Nxc6 a3+ 35. Ka2 Rc3 36. Nd4 b4 37. Bd3 Rc8 38. Rb7 Kf4 39. Rxb4 Ke3 40.
Nxf5+ gxf5 41. Bxf5 Rc5 42. Bd3 Kd2 43. Kxa3 Kc3 44. Rb3+ Kd4 45. Rb5 Rc7 46.
Kb4 Ra7 47. Rb6 Ra1 48. Rd6+ Ke5 49. Rd8 1-0

[Event "English Online Blitz Gp1"]
[Site "chess.com INT"]
[Date "2020.05.09"]
[Round "9"]
[White "Harvey, Marcus R"]
[Black "Cooper, Lawrence H"]
[Result "1-0"]
[WhiteTitle "FM"]
[BlackTitle "IM"]
[WhiteElo "2440"]
[BlackElo "2331"]
[WhiteFideId "400092"]
[BlackFideId "401536"]
[EventDate "2020.05.09"]
[EventType "blitz"]

1. Nf3 g6 2. d4 Bg7 3. e4 c5 4. dxc5 Qa5+ 5. Nc3 Qxc5 6. Bd3 d6 7. O-O Nf6 8.
Be3 Qa5 9. h3 O-O 10. Qd2 Nc6 11. a3 Bd7 12. b4 Qd8 13. Rab1 Rc8 14. Ne2 a6 15.
c4 Ne5 16. Nxe5 dxe5 17. c5 Bc6 18. Nc3 Qd7 19. Bc2 Qxd2 20. Bxd2 Rfd8 21. Be3
h5 22. a4 Kh7 23. b5 axb5 24. axb5 Be8 25. c6 bxc6 26. b6 Rb8 27. Na4 Nd7 28. b7
c5 29. Rfd1 Bh6 30. Bxh6 Kxh6 31. Nxc5 Nxc5 32. Rxd8 Rxd8 33. b8=Q Rxb8 34. Rxb8
Bd7 35. Ra8 Be6 36. Ra5 Nd7 37. Ba4 Nb6 38. Bb5 Kg5 39. Ra6 Nc8 40. Bc6 Nd6 41.
Ra7 Kf6 42. h4 Bc4 43. f3 Bb5 44. Bd5 e6 45. Bb3 Bc4 46. Ba4 Bb5 47. Bc2 g5 48.
g3 gxh4 49. gxh4 Bc4 50. Rc7 Bb5 51. Kf2 Kg6 52. Rc5 f6 53. f4 Kg7 54. fxe5 fxe5
55. Rxe5 Nc4 56. Rxb5 1-0

[Event "English Online Blitz Gp1"]
[Site "chess.com INT"]
[Date "2020.05.09"]
[Round "9"]
[White "Jones, Gawain C B"]
[Black "Willow, Jonah B"]
[Result "1-0"]
[WhiteTitle "GM"]
[BlackTitle "FM"]
[WhiteElo "2670"]
[BlackElo "2386"]
[WhiteFideId "409561"]
[BlackFideId "438804"]
[EventDate "2020.05.09"]
[EventType "blitz"]

1. e4 c5 2. Nc3 Nc6 3. Bb5 Nd4 4. Nf3 a6 5. Bd3 e6 6. Nxd4 cxd4 7. Ne2 d5 8.
exd5 Qxd5 9. O-O Nf6 10. c3 dxc3 11. dxc3 Bc5 12. Nf4 Qc6 13. Nh5 Nxh5 14. Qxh5
g6 15. Qe5 O-O 16. Qf6 Re8 17. Bh6 Bf8 18. Bxf8 Rxf8 19. Rfe1 Bd7 20. h4 Qc5 21.
Re5 Qb6 22. h5 Qd8 23. Qf3 Bc6 24. Be4 Bxe4 25. Rxe4 Qd2 26. Rd1 Qg5 27. hxg6
hxg6 28. Red4 b5 29. Rd7 Rad8 30. Qe3 Rxd7 31. Rxd7 Qf5 32. Qd3 Qf4 33. Qd2 Qf5
34. Qd3 Qf4 35. Qd1 Qc4 36. a3 a5 37. g3 Qe4 38. Rd4 Qf5 39. Kg2 Qc5 40. Qf3 Rc8
41. Qf6 Qf5 42. Qxf5 gxf5 43. Kf3 Kf8 44. Rd6 Ke7 45. Rb6 Rc5 46. Ke3 e5 47. Kd3
f6 48. b3 Rd5+ 49. Kc2 Rc5 50. Kb2 Rd5 51. Kc1 Rc5 52. Kc2 e4 53. b4 axb4 54.
axb4 Rd5 55. Rc6 f4 56. gxf4 Rf5 57. Kd2 Rxf4 58. Ke3 Rf3+ 59. Kxe4 Rxf2 60. Rc5
Re2+ 61. Kd4 Ke6 62. Rxb5 f5 63. Rb6+ Ke7 64. Kd3 Re1 65. Kd2 Re4 66. Rh6 f4 67.
Kd3 Re1 68. Rh4 f3 69. Rf4 Rf1 70. Ke3 Rc1 71. Kd4 Rf1 72. b5 f2 73. Kc5 Rc1 74.
Rxf2 Rxc3+ 75. Kb6 Kd8 76. Kb7 Rh3 77. Rd2+ Ke7 78. b6 Ke8 79. Kc7 Rc3+ 80. Kb8
Rh3 81. b7 Rg3 82. Ra2 Ke7 83. Ka8 1-0

[Event "English Online Blitz Gp1"]
[Site "chess.com INT"]
[Date "2020.05.09"]
[Round "9"]
[White "Ashworth, Robert"]
[Black "Boyd, John"]
[Result "0-1"]
[WhiteElo "1577"]
[BlackElo "2212"]
[WhiteFideId "426563"]
[BlackFideId "405132"]
[EventDate "2020.05.09"]
[EventType "blitz"]

1. e4 d5 2. exd5 Nf6 3. d4 Bg4 4. f3 Bf5 5. Bb5+ Nbd7 6. Ne2 Nxd5 7. Nbc3 Nb4 8.
Ba4 e6 9. Bf4 Be7 10. a3 Nd5 11. Nxd5 exd5 12. O-O O-O 13. Re1 c6 14. Ng3 Bg6
15. Qd2 h5 16. Re2 h4 17. Nf1 Bf6 18. Rae1 Nb6 19. Bb3 Qd7 20. Ne3 Rfe8 21. Ng4
Rxe2 22. Rxe2 Qf5 23. Nxf6+ gxf6 24. c3 a5 25. Bc2 Qxc2 26. Qxc2 Bxc2 27. Rxc2
Re8 28. Kf2 Nc4 29. Bc1 a4 30. Bf4 Kh7 31. g3 hxg3+ 32. hxg3 Kg6 33. g4 Rh8 34.
Kg3 Re8 35. Rh2 Re1 36. Rh6+ Kg7 37. Rh2 Rb1 38. Re2 Rxb2 39. Re7 Rb3 40. g5
fxg5 41. Bxg5 Nxa3 42. Bf4 Nc4 43. Re8 f6 44. Ra8 a3 45. Bc1 b5 46. Kf2 Rb1 47.
Bxa3 Nxa3 48. Rxa3 Rc1 49. Kg3 Kg6 50. Kf4 Rb1 51. Ra2 b4 52. cxb4 Rxb4 53. Ke3
Rc4 54. Ra7 Kf5 55. Re7 Rc3+ 56. Ke2 Kf4 57. Rf7 f5 58. Rf6 Rc4 59. Rf7 Rxd4 60.
Rc7 Rc4 61. Rf7 c5 62. Kd3 Rd4+ 63. Kc3 Ra4 64. Rc7 Ra3+ 65. Kb2 Rxf3 66. Rxc5
Ke4 67. Kc2 Rd3 68. Rc8 f4 69. Re8+ Kd4 70. Rf8 Rf3 71. Kd2 Rf2+ 72. Ke1 Ke3 73.
Re8+ Kf3 74. Rd8 Re2+ 75. Kf1 Re5 76. Rd7 Ke3 77. Rf7 d4 78. Ke1 d3 79. Kd1 f3
80. Rh7 f2 81. Rh3+ Kf4 82. Rh1 Kg3 83. Kd2 Kg2 84. Rb1 f1=Q 0-1

[Event "English Online Blitz Gp1"]
[Site "chess.com INT"]
[Date "2020.05.09"]
[Round "10"]
[White "Walker, David J"]
[Black "Dunn, Maxim"]
[Result "1-0"]
[WhiteTitle "FM"]
[WhiteElo "2271"]
[BlackElo "1729"]
[WhiteFideId "400882"]
[BlackFideId "456551"]
[EventDate "2020.05.09"]
[EventType "blitz"]

1. c4 Nf6 2. Nc3 g6 3. g3 d5 4. cxd5 Nxd5 5. Bg2 Nxc3 6. bxc3 Bg7 7. h4 O-O 8.
h5 c6 9. d4 e5 10. Be3 Qc7 11. Qd2 exd4 12. cxd4 Rd8 13. Rd1 Be6 14. Nf3 c5 15.
hxg6 hxg6 16. Bh6 Bh8 17. Bf4 Qb6 18. Rxh8+ Kxh8 19. Be5+ Kg8 20. Qh6 1-0

[Event "English Online Blitz Gp1"]
[Site "chess.com INT"]
[Date "2020.05.09"]
[Round "10"]
[White "Lewis, Christopher D"]
[Black "Golding, James"]
[Result "0-1"]
[WhiteElo "1834"]
[BlackElo "2067"]
[WhiteFideId "435767"]
[BlackFideId "427250"]
[EventDate "2020.05.09"]
[EventType "blitz"]

1. e4 e5 2. Nf3 Nc6 3. Bc4 Nf6 4. Ng5 d5 5. exd5 Nd4 6. d6 Qxd6 7. Bxf7+ Ke7 8.
Bc4 Qc6 9. Bf1 Nxc2+ 10. Ke2 Nxa1 11. Nc3 h6 12. Nf3 Bg4 13. d3 Re8 14. Be3 Kd8
15. Qxa1 Bc5 16. h3 Bxf3+ 17. gxf3 Rhf8 18. Qc1 Bxe3 19. fxe3 Nd5 20. Bg2 Nxc3+
21. bxc3 Qa6 22. Qb1 Kc8 23. Qb2 Re6 24. c4 Rb6 25. Qxe5 Qxa2+ 0-1

[Event "English Online Blitz Gp1"]
[Site "chess.com INT"]
[Date "2020.05.09"]
[Round "10"]
[White "Borland, Scott"]
[Black "Purton, Ben J"]
[Result "1/2-1/2"]
[WhiteElo "1782"]
[BlackElo "2154"]
[WhiteFideId "437875"]
[BlackFideId "411132"]
[EventDate "2020.05.09"]
[EventType "blitz"]

1. e4 d6 2. d4 Nf6 3. Nc3 c6 4. Nf3 Bg4 5. Be2 e6 6. O-O d5 7. exd5 cxd5 8. Bf4
Nc6 9. h3 Bxf3 10. Bxf3 Be7 11. Be3 O-O 12. Re1 Rc8 13. Be2 Bb4 14. Bd3 Bxc3 15.
bxc3 Na5 16. Rb1 b6 17. Bg5 h6 18. Bh4 Rxc3 19. Qf3 g5 20. Bg3 Ne4 21. Rxe4 dxe4
22. Qxe4 f5 23. Qxe6+ Rf7 24. Qg6+ Rg7 25. Qe6+ Rf7 26. Qg6+ Rg7 27. Qe6+ Rf7 1/2-1/2

[Event "English Online Blitz Gp1"]
[Site "chess.com INT"]
[Date "2020.05.09"]
[Round "10"]
[White "Adair, James R"]
[Black "Haydon, David L"]
[Result "1/2-1/2"]
[WhiteTitle "IM"]
[BlackTitle "FM"]
[WhiteElo "2450"]
[BlackElo "2294"]
[WhiteFideId "406252"]
[BlackFideId "415405"]
[EventDate "2020.05.09"]
[EventType "blitz"]

1. e4 c6 2. d4 d5 3. e5 Bf5 4. Nf3 e6 5. Be2 Nd7 6. O-O Ne7 7. Nbd2 Rc8 8. Nb3
h6 9. Bd2 g5 10. Bb4 Ng6 11. Bxf8 Kxf8 12. g3 c5 13. c3 c4 14. Nbd2 g4 15. Ne1
h5 16. Ng2 Qg5 17. f4 gxf3 18. Nxf3 Qh6 19. Nfh4 Nxh4 20. Nxh4 Be4 21. Rf4 Rg8
22. Qd2 Ke8 23. Raf1 Rg7 24. Qd1 Rh7 25. Bf3 Bg6 26. b3 cxb3 27. Qxb3 Nb6 28. a4
Rc7 29. Be2 Nc4 30. Bxc4 dxc4 31. Qb5+ Kd8 32. d5 exd5 33. e6 fxe6 34. Rf8+ Ke7
35. Qb4+ Kd7 36. Qb5+ Ke7 37. Qb4+ Kd7 38. Qb5+ Kd6 39. Qb4+ Kd7 1/2-1/2

[Event "English Online Blitz Gp1"]
[Site "chess.com INT"]
[Date "2020.05.09"]
[Round "10"]
[White "Fernandez, Daniel Howard"]
[Black "Stepanyan, Henrik"]
[Result "1-0"]
[WhiteTitle "GM"]
[WhiteElo "2466"]
[BlackElo "2196"]
[WhiteFideId "5801605"]
[BlackFideId "401030"]
[EventDate "2020.05.09"]
[EventType "blitz"]

1. d4 d5 2. c4 e6 3. Nf3 c5 4. cxd5 exd5 5. Nc3 Nc6 6. e3 Nf6 7. Bb5 Bd6 8. dxc5
Bxc5 9. O-O O-O 10. b3 Bg4 11. h3 Bh5 12. Be2 Rc8 13. Bb2 Re8 14. Rc1 Bd6 15.
Nh4 Bg6 16. Nxg6 hxg6 17. Bf3 Be5 18. Na4 Bxb2 19. Nxb2 Qa5 20. Nd3 Red8 21. Qe2
Ne4 22. Bxe4 dxe4 23. Nc5 Qd2 24. Qxd2 Rxd2 25. Nxb7 Ne7 26. Rxc8+ Nxc8 27. Rc1
Nb6 28. a4 Rb2 29. Nd6 Rxb3 30. a5 Nd5 31. Rc8+ Kh7 32. Nxf7 g5 33. Nxg5+ Kg6
34. Nxe4 Ra3 35. Rc5 Nb4 36. g4 Nd3 37. Rc6+ Kf7 38. Rc7+ Kg6 39. Rxa7 Ne1 40.
Ra6+ Kf7 41. Kh2 1-0

[Event "English Online Blitz Gp1"]
[Site "chess.com INT"]
[Date "2020.05.09"]
[Round "10"]
[White "Yapp, Christopher"]
[Black "Alizada, Eldar"]
[Result "0-1"]
[WhiteElo "1494"]
[BlackElo "1922"]
[WhiteFideId "450405"]
[BlackFideId "464104"]
[EventDate "2020.05.09"]
[EventType "blitz"]

1. f4 d5 2. e3 Nf6 3. Nf3 e6 4. Be2 c5 5. O-O Nc6 6. d3 Be7 7. b3 O-O 8. Bb2 b6
9. Qe1 Bb7 10. Nbd2 Ng4 11. Bd1 Nf6 12. Qg3 d4 13. e4 b5 14. Ne5 Nxe5 15. fxe5
Nd7 16. Nf3 Qc7 17. a4 a6 18. Bc1 Rfc8 19. Bf4 c4 20. Be2 cxb3 21. cxb3 Qc3 22.
Rab1 Bc6 23. Rfc1 Qb4 24. Bd2 Qa3 25. Nxd4 Bc5 26. Be3 Qb4 27. Nxc6 Rxc6 28.
Bxc5 Rxc5 29. Qe3 Rac8 30. Rxc5 Qxc5 31. Qxc5 Rxc5 32. axb5 axb5 33. d4 Rc2 34.
Kf2 f6 35. exf6 Nxf6 36. Ke3 Rc3+ 37. Bd3 Ng4+ 38. Kf4 Rxd3 39. Kxg4 Rxd4 40.
Kf4 Rd2 41. Kf3 Kf7 42. Rc1 Rd3+ 43. Kf4 Rxb3 44. Rc5 Rb2 45. Ke5 Rxg2 46. Rxb5
Rg5+ 0-1

[Event "English Online Blitz Gp1"]
[Site "chess.com INT"]
[Date "2020.05.09"]
[Round "10"]
[White "Williams, Simon K"]
[Black "Roberson, Peter T"]
[Result "1-0"]
[WhiteTitle "GM"]
[BlackTitle "IM"]
[WhiteElo "2464"]
[BlackElo "2437"]
[WhiteFideId "404454"]
[BlackFideId "412384"]
[EventDate "2020.05.09"]
[EventType "blitz"]

1. d4 Nf6 2. Nf3 d5 3. c4 e6 4. Nc3 dxc4 5. e4 b5 6. Nxb5 Nxe4 7. Bxc4 Bb4+ 8.
Kf1 O-O 9. Qe2 Bb7 10. Bf4 Nd6 11. Nxd6 Bxd6 12. Ne5 c5 13. dxc5 Bxc5 14. Rd1
Qf6 15. Nd3 Bb6 16. Qg4 Nc6 17. h4 Rad8 18. Bg5 Qd4 19. Qxd4 Rxd4 20. Rc1 h6 21.
Be3 Rxc4 22. Rxc4 Ba6 23. Rxc6 Bxd3+ 24. Kg1 Rd8 25. Bxb6 axb6 26. Rxb6 Be4 27.
f3 Ba8 28. Kh2 Kh8 29. Rc1 Kh7 30. Rc2 Rd3 31. Rb8 Bd5 32. a4 Rd4 33. b3 Rxh4+
34. Kg3 Rd4 35. a5 Rd1 36. Ra2 g5 37. a6 h5 38. a7 h4+ 39. Kf2 1-0

[Event "English Online Blitz Gp1"]
[Site "chess.com INT"]
[Date "2020.05.09"]
[Round "10"]
[White "Claridge-Hansen, William"]
[Black "Chow, Samuel"]
[Result "0-1"]
[WhiteTitle "FM"]
[BlackTitle "FM"]
[WhiteElo "2290"]
[BlackElo "2345"]
[WhiteFideId "422509"]
[BlackFideId "3202992"]
[EventDate "2020.05.09"]
[EventType "blitz"]

1. c4 Nf6 2. g3 c6 3. Bg2 d5 4. Nf3 Bg4 5. Ne5 e6 6. Nxg4 Nxg4 7. O-O Nd7 8. d4
Ngf6 9. Nd2 Be7 10. Qc2 O-O 11. e4 dxe4 12. Nxe4 Nxe4 13. Qxe4 Nf6 14. Qd3 Qb6
15. Be3 Rfd8 16. Rfd1 Rd7 17. Qe2 Qa6 18. g4 Nd5 19. Qd3 Nxe3 20. fxe3 Rad8 21.
Kh1 h6 22. Rf1 c5 23. d5 exd5 24. Qf5 Qxc4 25. Qxf7+ Kh8 26. Qh5 d4 27. Be4 Qe6
28. Bf5 Qc6+ 29. e4 Rd6 30. Qf7 Bg5 31. Rad1 g6 32. h4 Bxh4 33. Rd3 gxf5 34.
Rxf5 Qxe4+ 35. Kh2 Qxd3 36. Rh5 Qg3+ 37. Kh1 Qh3+ 38. Kg1 Qxg4+ 39. Kh1 Rg8 0-1